000 00865nam a2200253Ia 4500
008 191130s2008##################000#0#eng##
020 _a9780521685580
040 _aACL
_cACL
082 _a302.35 KIL
100 _aKilduff, Martin
245 _aInterpersonal networks in organizations : cognition, personality, dynamics, and culture
_cMartin Kilduff, David Krackhardt
260 _aCambridge
_bCambridge University Press
_cc2008
300 _ax, 310 p. : ill. ; 23 cm
500 _aIncludes bibliographical references (p. [275]-304) and index
650 _aOrganizational behavior - Social aspects
650 _aPower (Social sciences)
650 _aSelf-perception
650 _aSocial networks
650 _aSocial perception
700 _aKrackhardt, David
990 _ae1e1ab93ac10000c70f763133d555378
991 _a243656
999 _c268435
_d268435